| 000 | 00455nam a22001937a 4500 | ||
|---|---|---|---|
| 003 | LK-CoDNM | ||
| 005 | 20240927101210.0 | ||
| 008 | 240927b |||||||| |||| 00| 0 eng d | ||
| 040 |
_aLK-CoDNM _dLK-CoDNM _eLK-CoDNM |
||
| 041 | _atam | ||
| 080 |
_aT _bA39 |
||
| 100 | _aIliatmby,K | ||
| 245 | _aபூகோளம் | ||
| 246 | _aA Geography of the World | ||
| 260 |
_cJaffna _b1932 |
||
| 300 | _a107p ; 21cm | ||
| 490 | _vPart 01 | ||
| 942 | _cBK | ||
| 999 |
_c152845 _d152845 |
||